|
|
|
|
| LEADER |
00977nam a2200349 4500 |
| 001 |
DLU060051881 |
| 005 |
##20060322 |
| 008 |
##020327s2003 njuab b 001 0 eng |
| 010 |
# |
# |
|a 2002025779
|
| 020 |
# |
# |
|a 0130668249
|
| 035 |
# |
# |
|a (OCoLC)ocm49513274
|
| 040 |
# |
# |
|a DLC
|c DLC
|d C#P
|d DLC
|
| 042 |
# |
# |
|a pcc
|
| 050 |
# |
# |
|a GB54.5
|b .C48 2003
|
| 082 |
# |
# |
|a 910.02
|b CH-R
|
| 100 |
# |
# |
|a Christopherson, Robert W.
|
| 245 |
# |
# |
|a Geosystems :
|b an introduction to physical geography /
|c Robert W. Christopherson.
|
| 250 |
# |
# |
|a 5th ed.
|
| 260 |
# |
# |
|a Upper Saddle River, N.J. :
|b Prentice Hall,
|c c2003.
|
| 300 |
# |
# |
|a :
|b col. ill, col. maps ;
|c 28 cm.
|
| 504 |
# |
# |
|a Includes bibliographical references and index.
|
| 650 |
# |
# |
|a Physical geography.
|
| 923 |
# |
# |
|a 01/2006
|
| 992 |
# |
# |
|a 30.000
|
| 994 |
# |
# |
|a DLU
|
| 900 |
# |
# |
|a True
|
| 911 |
# |
# |
|a Đào Thị Thu Huyền
|
| 925 |
# |
# |
|a G
|
| 926 |
# |
# |
|a A
|
| 927 |
# |
# |
|a SH
|
| 980 |
# |
# |
|a Thư viện Trường Đại học Đà Lạt
|